[Event "Lansing Mini-Swiss (October)"]
[Site "Lansing, Mich."]
[Date "1987.10.31"]
[Round "1"]
[White "Moody, David"]
[Black "Noren, Kevin"]
[Result "1-0"]
[WhiteElo "1997"]
[BlackElo "2240"]
[PlyCount "99"]
[EventDate "1987.10.31"]

1. Nf3 Nf6 2. g3 d5 3. Bg2 c5 4. d4 e6 5. O-O Nc6 6. Bg5 cxd4 7. Nxd4 Bc5 8.
Nxc6 bxc6 9. c4 O-O 10. cxd5 cxd5 11. Nd2 Rb8 12. Nb3 Bb6 13. Qd2 Ba6 14. Rfd1
h6 15. Bf4 Ng4 16. e3 e5 17. h3 exf4 18. hxg4 fxe3 19. fxe3 Qg5 20. Qxd5 Qxe3+
21. Kh2 Be2 22. Rg1 Bxg4 23. Rae1 Qg5 24. Rgf1 Qxd5 25. Bxd5 Rbd8 26. Bc4 Rd7
27. Rf4 h5 28. Rfe4 Rc8 29. Re8+ Rxe8 30. Rxe8+ Kh7 31. Be2 f5 32. Bxg4 hxg4
33. Re2 g5 34. Nd2 Kg6 35. Nc4 Bd4 36. Rd2 Kf6 37. Kg2 f4 38. Na5 f3+ 39. Kf1
Ke6 40. Nb3 Be5 41. Nc5+ Kf5 42. Rxd7 Bxg3 43. Rxa7 Bd6 44. Nd3 g3 45. Ra5+ Ke4
46. Rxg5 Bc7 47. Ne1 Ke3 48. a4 Bf4 49. Rf5 Ke4 50. Rxf4+ 1-0

[Event "Lansing Mini-Swiss (October)"]
[Site "Lansing, Mich."]
[Date "1987.10.31"]
[Round "2"]
[White "Bauerle, Paul"]
[Black "Moody, David"]
[Result "0-1"]
[WhiteElo "2046"]
[BlackElo "1997"]
[PlyCount "62"]
[EventDate "1987.10.31"]

1. d4 Nf6 2. c4 c5 3. d5 e6 4. Nc3 exd5 5. cxd5 d6 6. e4 g6 7. Nf3 Bg7 8. Be2
O-O 9. O-O a6 10. a4 Bg4 11. Bf4 Nh5 12. Be3 Re8 13. Nd2 Bxe2 14. Qxe2 Nd7 15.
g4 Nhf6 16. h3 Rb8 17. f3 b5 18. axb5 axb5 19. Ra6 Qe7 20. Bf4 Ne5 21. Nxb5 c4
22. Nxd6 Nd3 23. Nxe8 Nxf4 24. Nxf6+ Qxf6 25. Qxc4 Qh4 26. Rf2 Nxh3+ 27. Kg2
Qxf2+ 28. Kxh3 Be5 29. Nf1 Qxf3+ 30. Kh4 Qh1+ 31. Kg5 h6# 0-1

[Event "Clippert Quads"]
[Site "Detroit, Mich."]
[Date "1987.11.07"]
[Round "1"]
[White "Thompson, Dexter"]
[Black "Moody, David"]
[Result "0-1"]
[WhiteElo "2030"]
[BlackElo "1997"]
[PlyCount "164"]
[EventDate "1987.11.07"]

1. e4 e5 2. Nf3 Nc6 3. Bc4 Nf6 4. d3 Bc5 5. Nc3 d6 6. Bg5 h6 7. Bh4 g5 8. Nxg5
hxg5 9. Bxg5 Be6 10. Nd5 Bxd5 11. Bxd5 Rg8 12. h4 Qe7 13. Rh3 Rg6 14. c3 Nd8
15. Qf3 c6 16. Bb3 Ne6 17. Qf5 Nxg5 18. hxg5 Nd7 19. Rh8+ Nf8 20. f4 exf4 21.
d4 Bb6 22. O-O-O Bd8 23. Rdh1 Rxg5 24. Qxf4 Rg7 25. Kb1 Qf6 26. Qc1 Qg6 27. Ka1
Bg5 28. Qd1 O-O-O 29. Qg4+ Kb8 30. Rf1 Ne6 31. Rhh1 Bf6 32. Bxe6 fxe6 33. Qxe6
Be7 34. Qxg6 Rxg6 35. Rf7 Re8 36. Rhh7 Rxg2 37. a4 Bd8 38. Rxb7+ Ka8 39. Rxa7+
Kb8 40. Rhb7+ Kc8 41. d5 cxd5 42. exd5 Rge2 43. Rd7 R8e7 44. Rxe7 Rxe7 45. Ra8+
Kd7 46. a5 Re5 47. c4 Re4 48. b3 Re2 49. a6 Bf6+ 50. Kb1 Rb2+ 51. Kc1 Rxb3 52.
a7 Ra3 53. Rf8 Bg5+ 54. Kb2 Rxa7 55. Kb3 Be3 56. Rf7+ Kc8 57. Rf6 Bc5 58. Kc3
Kb7 59. Rf7+ Ka6 60. Rf1 Kb7 61. Rc1 Ra3+ 62. Kb2 Kb6 63. Rb1 Ka5 64. Kc2 Rf3
65. Rb5+ Ka4 66. Rb8 Bd4 67. Rd8 Be5 68. Re8 Rc3+ 69. Kd2 Rxc4 70. Kd3 Rd4+ 71.
Kc3 Rxd5+ 72. Kc4 Rc5+ 73. Kd3 Kb5 74. Ke4 Kc4 75. Ra8 Bc3 76. Ra4+ Bb4 77. Ra1
d5+ 78. Ke3 d4+ 79. Ke4 d3 80. Ra8 d2 81. Rd8 Bc3 82. Rd3 Re5+ 0-1

[Event "Clippert Quads"]
[Site "Detroit, Mich."]
[Date "1987.11.07"]
[Round "3"]
[White "Moody, David"]
[Black "Groeller, William"]
[Result "0-1"]
[WhiteElo "1997"]
[BlackElo "2164"]
[PlyCount "30"]
[EventDate "1987.11.07"]

1. e4 e5 2. Bc4 Nf6 3. Nc3 Nc6 4. d3 Bc5 5. f4 d6 6. Nf3 Bg4 7. Rf1 O-O 8. Na4
Bb6 9. Nxb6 axb6 10. c3 d5 11. Bb3 dxe4 12. dxe4 Nxe4 13. Qxd8 Raxd8 14. fxe5
Nc5 15. Bf4 Nd3+ 0-1

[Event "Clippert Quads"]
[Site "Detroit, Mich."]
[Date "1987.11.07"]
[Round "2"]
[White "Bolda, Mat"]
[Black "Moody, David"]
[Result "0-1"]
[WhiteElo "1851"]
[BlackElo "1997"]
[PlyCount "56"]
[EventDate "1987.11.07"]

1. c4 e5 2. Nc3 Nc6 3. g3 f5 4. Bg2 Nf6 5. d3 Be7 6. Nf3 d6 7. O-O O-O 8. Bd2
Qe8 9. a3 Qh5 10. Nb5 Bd8 11. Qb3 a6 12. c5+ Kh8 13. cxd6 axb5 14. dxc7 Bxc7
15. Rac1 Ng4 16. h3 Nf6 17. Qxb5 f4 18. Rxc6 bxc6 19. Qxc6 Ra7 20. Bb4 Rf7 21.
g4 Qh6 22. g5 Qg6 23. Nxe5 Bxe5 24. Qxc8+ Ng8 25. Bd5 Qxg5+ 26. Kh1 Rac7 27.
Qe8 f3 28. Rg1 Qxg1+ 0-1

[Event "Southfield Tornado (November)"]
[Site "Southfield, Mich."]
[Date "1987.11.08"]
[Round "2"]
[White "Riseman, James"]
[Black "Moody, David"]
[Result "0-1"]
[WhiteElo "1951"]
[BlackElo "1997"]
[PlyCount "60"]
[EventDate "1987.11.08"]

1. e4 e5 2. Nf3 Nc6 3. Bb5 a6 4. Ba4 Nf6 5. O-O Be7 6. Re1 b5 7. Bb3 O-O 8. a4
Bb7 9. c3 d5 10. exd5 Nxd5 11. Nxe5 Nxe5 12. Rxe5 Nf4 13. Re3 Nxg2 14. Rg3 Bd6
15. Rxg2 Bxg2 16. Kxg2 Qg5+ 17. Kf1 Bxh2 18. d4 Qg1+ 19. Ke2 Rae8+ 20. Be3 Qg4+
21. Kd2 Qe4 22. Bc2 Qg2 23. Qh5 h6 24. Qe2 f5 25. axb5 f4 26. Rxa6 fxe3+ 27.
fxe3 Rf2 28. Bb3+ Kh8 29. Bc4 Rxe2+ 30. Bxe2 Bf4 0-1

[Event "Southfield Tornado (November)"]
[Site "Southfield, Mich."]
[Date "1987.11.08"]
[Round "1"]
[White "Moody, David"]
[Black "Triplett, Thomas"]
[Result "1/2-1/2"]
[WhiteElo "1997"]
[BlackElo "1851"]
[PlyCount "100"]
[EventDate "1987.11.08"]

1. Nf3 Nf6 2. g3 g6 3. Bg2 Bg7 4. O-O O-O 5. d3 d6 6. c4 Nbd7 7. Nc3 e5 8. Bg5
h6 9. Bd2 a6 10. Rb1 Rb8 11. a4 b6 12. b4 Bb7 13. Qc1 Kh7 14. Qa3 Re8 15. Rfe1
Bf8 16. Nh4 Bxg2 17. Nxg2 c6 18. e4 Nh5 19. Ne3 Ng7 20. Qa2 Ne6 21. Kg2 Nd4 22.
c5 Qf6 23. f4 h5 24. Rf1 Qg7 25. Nc4 dxc5 26. bxc5 f6 27. fxe5 Bxc5 28. exf6
Nxf6 29. Bg5 Nd7 30. Nxb6 Rxb6 31. Rf7 Rxb1 32. Rxg7+ Kxg7 33. Qxb1 Rf8 34. Qb7
Rf7 35. Qxa6 Nf3 36. Bf4 Ne1+ 37. Kh3 Nf3 38. Qxc6 g5 39. Nd5 gxf4 40. Nxf4 Nd4
41. Qg6+ Kf8 42. Qxh5 Kg8 43. Qd5 Nf3 44. Ne6 Rh7+ 45. Kg2 Rxh2+ 46. Kxf3 Rf2+
47. Kg4 Nf6+ 48. Kg5 Be3+ 49. Kg6 Nxd5 50. exd5 Rd2 1/2-1/2

[Event "Southfield Tornado (November)"]
[Site "Southfield, Mich."]
[Date "1987.11.08"]
[Round "4"]
[White "Moody, David"]
[Black "Dmuchowski, Frank"]
[Result "1-0"]
[WhiteElo "1997"]
[BlackElo "1881"]
[PlyCount "53"]
[EventDate "1987.11.08"]

1. e4 c6 2. Nc3 d5 3. Nf3 dxe4 4. Nxe4 Bg4 5. Bc4 e6 6. h3 Bh5 7. Ng3 Bxf3 8.
Qxf3 Qf6 9. Qe2 Nd7 10. d3 Qe5 11. Ne4 f5 12. f4 Qc7 13. Ng5 Ngf6 14. Qxe6+ Kd8
15. Nf7+ Kc8 16. Nxh8 b5 17. Bb3 Kb7 18. O-O Bc5+ 19. Kh1 Rxh8 20. a4 Nh5 21.
Rf3 g5 22. axb5 Rf8 23. bxc6+ Kb8 24. cxd7 gxf4 25. Qe8+ Rxe8 26. dxe8=Q+ Kb7
27. Qxh5 1-0

[Event "Southfield Tornado (November)"]
[Site "Southfield, Mich."]
[Date "1987.11.08"]
[Round "3"]
[White "Daly, William"]
[Black "Moody, David"]
[Result "0-1"]
[WhiteElo "1845"]
[BlackElo "1997"]
[PlyCount "50"]
[EventDate "1987.11.08"]

1. d4 Nf6 2. Nf3 g6 3. g3 Bg7 4. Bg2 O-O 5. O-O d6 6. c4 Nbd7 7. Nc3 c5 8. d5
a6 9. e4 Re8 10. Bd2 e6 11. Qc1 exd5 12. exd5 Ng4 13. Nd1 Nde5 14. Nxe5 Nxe5
15. f4 Nd3 16. Qc2 Bf5 17. Qb3 Bd4+ 18. Kh1 Qe7 19. g4 Be4 20. Nc3 Bxg2+ 21.
Kxg2 Qh4 22. h3 Bxc3 23. Qxc3 Re2+ 24. Kf3 Rae8 25. Qxd3 Qxh3# 0-1

[Event "Southfield Tornado (November)"]
[Site "Southfield, Mich."]
[Date "1987.11.08"]
[Round "5"]
[White "Almquist, Walter"]
[Black "Moody, David"]
[Result "0-1"]
[WhiteElo "1892"]
[BlackElo "1997"]
[PlyCount "38"]
[EventDate "1987.11.08"]

1. e4 e5 2. f4 exf4 3. Bc4 d5 4. Bxd5 Nf6 5. Nc3 Nxd5 6. exd5 Qh4+ 7. Kf1 Bg4
8. Nf3 Qh5 9. Qe2+ Kd8 10. d4 Bd6 11. Qf2 Re8 12. Bd2 c6 13. dxc6 Nxc6 14. d5
Bxf3 15. gxf3 Bc5 16. Qg2 Nd4 17. Bxf4 Nxf3 18. Qxg7 Nd2+ 19. Bxd2 Qf3# 0-1

[Event "Huron Valley Amateur"]
[Site "Ann Arbor, Mich."]
[Date "1987.11.14"]
[Round "2"]
[White "Steen, Harold"]
[Black "Moody, David"]
[Result "0-1"]
[WhiteElo "1769"]
[BlackElo "1997"]
[PlyCount "45"]
[EventDate "1987.11.14"]

1. Nf3 d6 2. c4 e5 3. Nc3 Nc6 4. g3 f5 5. d3 Nf6 6. Bg2 Be7 7. O-O O-O 8. a3
Qe8 9. b4 Qh5 10. Nd5 Bd8 11. Nxf6+ Bxf6 12. Rb1 e4 13. dxe4 fxe4 14. Ne1 Bh3
15. Bxh3 Qxh3 16. Qd5+ Kh8 17. Qxe4 Rae8 18. Qd3 Ne5 19. Qc2 Ng4 20. Nf3 Bg5
21. Bf4 Bxf4 22. gxf4 Rxf4 23. Rfd1 0-1

[Event "Huron Valley Amateur"]
[Site "Ann Arbor, Mich."]
[Date "1987.11.14"]
[Round "1"]
[White "Moody, David"]
[Black "Thomas, Henry"]
[Result "1-0"]
[WhiteElo "1997"]
[BlackElo "1691"]
[PlyCount "32"]
[EventDate "1987.11.14"]

1. e4 e5 2. Nf3 Nf6 3. Nxe5 d6 4. Nf3 Nxe4 5. d4 d5 6. Bd3 Bd6 7. O-O O-O 8. c4
c6 9. Qc2 f5 10. Nc3 Na6 11. a3 Nc7 12. b4 Nxc3 13. Qxc3 dxc4 14. Bxc4+ Kh8 15.
Ng5 Qf6 16. Qb3 g6 1-0

[Event "Huron Valley Amateur"]
[Site "Ann Arbor, Mich."]
[Date "1987.11.14"]
[Round "3"]
[White "Moody, David"]
[Black "Coleman, John"]
[Result "1-0"]
[WhiteElo "1997"]
[BlackElo "1906"]
[PlyCount "55"]
[EventDate "1987.11.14"]

1. Nf3 d5 2. g3 Nf6 3. Bg2 c6 4. d3 Nbd7 5. O-O e5 6. Nbd2 Be7 7. e4 d4 8. Nc4
Qc7 9. a4 O-O 10. a5 Bd6 11. Nh4 Nc5 12. f4 Bg4 13. Qe1 exf4 14. Nxd6 f3 15.
Bxf3 Bxf3 16. Nxf3 Qxd6 17. e5 Qe6 18. exf6 Qxf6 19. Bg5 Qg6 20. Qb4 Ne6 21.
Be7 Rfe8 22. Rae1 Nf4 23. Ne5 Nh3+ 24. Kg2 Qe6 25. Nxf7 Qd5+ 26. Kxh3 c5 27.
Qc4 Qh5+ 28. Kg2 1-0

[Event "Huron Valley Amateur"]
[Site "Ann Arbor, Mich."]
[Date "1987.11.15"]
[Round "4"]
[White "Haakonstad, Olaf"]
[Black "Moody, David"]
[Result "0-1"]
[WhiteElo "1835"]
[BlackElo "1997"]
[PlyCount "62"]
[EventDate "1987.11.14"]

1. e4 e5 2. Nf3 Nc6 3. Bb5 a6 4. Ba4 Nf6 5. O-O Be7 6. Re1 b5 7. Bb3 O-O 8. c3
d5 9. exd5 Nxd5 10. Nxe5 Nxe5 11. Rxe5 c6 12. d4 Bd6 13. Re1 Qh4 14. g3 Qh3 15.
Be3 Bg4 16. Qd3 Rae8 17. Nd2 Re6 18. a4 f5 19. Qf1 Qh5 20. f4 bxa4 21. Rxa4 g5
22. Rxa6 gxf4 23. Bxd5 cxd5 24. Bxf4 Re2 25. h3 Bxf4 26. gxf4 Rxd2 27. Re3 Rd1
28. Re1 Bxh3 29. Rxd1 Bxf1 30. Rxf1 Qe2 31. Rb6 Kh8 0-1

[Event "Clippert Quads (December)"]
[Site "Detroit, Mich."]
[Date "1987.12.05"]
[Round "2"]
[White "Thompson, Dexter"]
[Black "Moody, David"]
[Result "1-0"]
[WhiteElo "2303"]
[BlackElo "1997"]
[PlyCount "49"]
[EventDate "1987.12.05"]

1. d4 Nf6 2. c4 c5 3. Nf3 g6 4. Nc3 Bg7 5. e4 cxd4 6. Nxd4 d6 7. Be2 O-O 8. O-O
a6 9. f4 Nfd7 10. Be3 Nc6 11. Kh1 Nc5 12. Nxc6 bxc6 13. Bxc5 dxc5 14. e5 Qd4
15. Qa4 Qd2 16. Rfd1 Qxf4 17. Qxc6 Bf5 18. Qxc5 Qxe5 19. Rd5 Qe6 20. Bf3 Rfc8
21. Qa3 Rxc4 22. Rxf5 Qxf5 23. Bxa8 Rf4 24. Qxa6 Be5 25. Nd5 1-0

[Event "Clippert Quads (December)"]
[Site "Detroit, Mich."]
[Date "1987.12.05"]
[Round "3"]
[White "Owens, James"]
[Black "Moody, David"]
[Result "1-0"]
[WhiteElo "1954"]
[BlackElo "1997"]
[PlyCount "37"]
[EventDate "1987.12.05"]

1. e4 e5 2. Nf3 Nc6 3. d4 exd4 4. Nxd4 Nf6 5. Nc3 Bb4 6. Nxc6 bxc6 7. Qd4 Qe7
8. Bd3 Bc5 9. Qa4 Ng4 10. Nd1 O-O 11. O-O Qe5 12. g3 Qh5 13. h4 Ne5 14. Be3
Nf3+ 15. Kg2 Be7 16. Rh1 Ne5 17. Nc3 Qf3+ 18. Kg1 Ng4 19. Be2 1-0

[Event "Clippert Quads (December)"]
[Site "Detroit, Mich."]
[Date "1987.12.05"]
[Round "1"]
[White "Moody, David"]
[Black "Jackson, James"]
[Result "1-0"]
[WhiteElo "1997"]
[BlackElo "1937"]
[PlyCount "41"]
[EventDate "1987.12.05"]

1. e4 d6 2. d4 Nf6 3. Nc3 g6 4. Nf3 Bg7 5. Bc4 O-O 6. Qe2 Nc6 7. Bg5 Bg4 8.
O-O-O a6 9. h3 Bd7 10. e5 Ne8 11. e6 fxe6 12. Bxe6+ Kh8 13. h4 Nf6 14. d5 Bxe6
15. Qxe6 Nb8 16. Rde1 Re8 17. Bxf6 Bxf6 18. Ng5 Bxg5+ 19. hxg5 Kg7 20. Rxh7+
Kxh7 21. Qf7+ 1-0

[Event "Toledo Swiss (December)"]
[Site "Toledo, Ohio"]
[Date "1987.12.12"]
[Round "1"]
[White "Moody, David"]
[Black "Mikola, Ronald"]
[Result "1-0"]
[WhiteElo "1961"]
[BlackElo "1349"]
[PlyCount "75"]
[EventDate "1987.12.12"]

1. e4 e5 2. Nf3 d6 3. d4 Nd7 4. Bc4 Nb6 5. Bb3 h6 6. dxe5 Be6 7. Bxe6 fxe6 8.
O-O d5 9. Nd4 Qd7 10. Qh5+ Qf7 11. Qxf7+ Kxf7 12. Nc3 Re8 13. b3 a6 14. exd5
Nxd5 15. Nxd5 exd5 16. f4 Kg6 17. f5+ Kh7 18. Ne6 Rxe6 19. fxe6 Bc5+ 20. Kh1
Ne7 21. Bb2 Re8 22. Rf7 d4 23. Rd1 Rd8 24. Rd3 c6 25. Rg3 Ng6 26. h4 h5 27. Rg5
Kh6 28. Bc1 d3 29. cxd3 Rxd3 30. Rg3+ Be3 31. Rxe3 Rd1+ 32. Re1+ Rxc1 33. Rxc1
Nxe5 34. e7 Nxf7 35. e8=Q Ng5 36. hxg5+ Kxg5 37. Rc5+ Kh6 38. Rxh5# 1-0

[Event "Toledo Swiss (December)"]
[Site "Toledo, Ohio"]
[Date "1987.12.12"]
[Round "3"]
[White "Moody, David"]
[Black "Butler, Eric"]
[Result "0-1"]
[WhiteElo "1961"]
[BlackElo "2109"]
[PlyCount "58"]
[EventDate "1987.12.12"]

1. Nf3 Nf6 2. g3 g6 3. Bg2 Bg7 4. O-O O-O 5. d3 d6 6. Nbd2 Nbd7 7. c4 c5 8. Rb1
a5 9. b3 Rb8 10. a3 b5 11. b4 axb4 12. axb4 bxc4 13. Nxc4 Nd5 14. Bd2 Nxb4 15.
Qa4 Nb6 16. Nxb6 Qxb6 17. Bxb4 cxb4 18. Rfc1 Be6 19. Rc6 Qb5 20. Qxb5 Rxb5 21.
d4 Ba2 22. Rb2 Bd5 23. Rc7 Bf6 24. e3 Ra8 25. h4 b3 26. Nd2 Ra2 27. Rxa2 bxa2
28. Rc1 Bxg2 29. Kxg2 Rb2 0-1

[Event "Toledo Swiss (December)"]
[Site "Toledo, Ohio"]
[Date "1987.12.12"]
[Round "4"]
[White "Calton, David W"]
[Black "Moody, David"]
[Result "0-1"]
[WhiteElo "1701"]
[BlackElo "1961"]
[PlyCount "74"]
[EventDate "1987.12.12"]

1. e4 e5 2. f4 exf4 3. Nf3 d5 4. exd5 Nf6 5. Bb5+ c6 6. dxc6 bxc6 7. Bc4 Bd6 8.
Qe2+ Qe7 9. Qxe7+ Kxe7 10. O-O Be6 11. Re1 Nbd7 12. d4 Nb6 13. Bxe6 fxe6 14.
Ng5 Kd7 15. Nf7 Rhf8 16. Nxd6 Kxd6 17. Bxf4+ Kd5 18. Be5 Nbd7 19. Nc3+ Kc4 20.
Bd6 Rfe8 21. Rad1 Nd5 22. Nxd5 exd5 23. c3 Nf6 24. Rxe8 Rxe8 25. Be5 Re6 26.
Bxf6 gxf6 27. Kf2 a5 28. Re1 Rxe1 29. Kxe1 Kd3 30. Kd1 a4 31. a3 f5 32. h3 f4
33. h4 h5 34. Ke1 Kc2 35. Ke2 Kxb2 36. Kd2 Kxa3 37. c4 Kb2 0-1

[Event "Toledo Swiss (December)"]
[Site "Toledo, Ohio"]
[Date "1987.12.12"]
[Round "2"]
[White "Calton, Bill"]
[Black "Moody, David"]
[Result "0-1"]
[WhiteElo "1652"]
[BlackElo "1961"]
[PlyCount "52"]
[EventDate "1987.12.12"]

1. d4 Nf6 2. c4 c5 3. d5 e6 4. Nc3 exd5 5. Nxd5 Nxd5 6. Qxd5 d6 7. g3 Nc6 8.
Bd2 Be6 9. Qe4 Be7 10. Bg2 O-O 11. e3 Bf6 12. Rb1 Qd7 13. Qc2 Ne5 14. Bc3 Nxc4
15. Bxf6 gxf6 16. Ne2 Ne5 17. O-O Bxa2 18. Rbd1 Bc4 19. f4 Bxe2 20. Qxe2 Nc6
21. Bxc6 bxc6 22. f5 Rab8 23. Rf4 Rb4 24. e4 Re8 25. Qh5 Kf8 26. e5 Rxe5 0-1

[Event "Southfield Tornado (December)"]
[Site "Southfield, Mich."]
[Date "1987.12.13"]
[Round "1"]
[White "Noren, Kevin"]
[Black "Moody, David"]
[Result "1-0"]
[WhiteElo "2240"]
[BlackElo "1997"]
[PlyCount "31"]
[EventDate "1987.12.13"]

1. e4 e5 2. Nf3 Nc6 3. Bb5 a6 4. Ba4 Nf6 5. d3 d6 6. c3 Bd7 7. Nbd2 Be7 8. Nf1
O-O 9. Ne3 b5 10. Bc2 Nh5 11. Nxe5 Nxe5 12. Qxh5 g6 13. Qe2 f5 14. exf5 Bxf5
15. Nxf5 Rxf5 16. d4 1-0

[Event "Southfield Tornado (December)"]
[Site "Southfield, Mich."]
[Date "1987.12.13"]
[Round "2"]
[White "Moody, David"]
[Black "VanLoon, Cliff"]
[Result "0-1"]
[WhiteElo "1997"]
[BlackElo "1835"]
[PlyCount "68"]
[EventDate "1987.12.13"]

1. e4 c5 2. Nf3 Nc6 3. d4 cxd4 4. Nxd4 Nf6 5. Nc3 d6 6. Bc4 e5 7. Nxc6 bxc6 8.
Bg5 Be7 9. Qd2 h6 10. Bh4 Bb7 11. O-O Qc7 12. f3 Rd8 13. Bf2 a6 14. Na4 d5 15.
exd5 cxd5 16. Bb3 d4 17. Rae1 O-O 18. Qd3 Nd5 19. Qf5 Bf6 20. Bxd5 Rxd5 21. b3
Bc6 22. Nb2 Ra5 23. a4 e4 24. Qh3 exf3 25. gxf3 Rg5+ 26. Kh1 Bd7 27. Qh4 Rg1+
28. Rxg1 Bxh4 29. Bxh4 Qxc2 30. Bf6 g6 31. Re7 Bc6 32. Rg3 Qc1+ 33. Kg2 Qxb2+
34. Kh3 Qc2 0-1

[Event "Southfield Tornado (December)"]
[Site "Southfield, Mich."]
[Date "1987.12.13"]
[Round "5"]
[White "Moody, David"]
[Black "Triplett, Thomas"]
[Result "1-0"]
[WhiteElo "1997"]
[BlackElo "1879"]
[PlyCount "57"]
[EventDate "1987.12.13"]

1. e4 c5 2. Nf3 d6 3. d4 cxd4 4. Nxd4 Nf6 5. Nc3 a6 6. Be3 e5 7. Nb3 Be7 8. g3
O-O 9. Bg2 Be6 10. O-O Nbd7 11. Qe2 b5 12. Nd5 Bxd5 13. exd5 Rc8 14. c3 Nb6 15.
Bxb6 Qxb6 16. Kh1 Nd7 17. Nd4 exd4 18. Qxe7 Ne5 19. cxd4 Nc4 20. b3 Nd2 21.
Rfd1 Qxd4 22. Qxd6 Qxf2 23. Qf4 Qxf4 24. gxf4 Rc2 25. Rac1 Rfc8 26. Rxc2 Rxc2
27. d6 Kf8 28. Re1 Nxb3 29. d7 1-0

[Event "Southfield Tornado (December)"]
[Site "Southfield, Mich."]
[Date "1987.12.13"]
[Round "3"]
[White "Dmuchowski, Frank"]
[Black "Moody, David"]
[Result "0-1"]
[WhiteElo "1881"]
[BlackElo "1997"]
[PlyCount "52"]
[EventDate "1987.12.13"]

1. d4 Nf6 2. c4 c5 3. d5 e6 4. Nc3 exd5 5. cxd5 d6 6. e4 g6 7. f4 Bg7 8. Bb5+
Nfd7 9. a4 a6 10. Bd3 O-O 11. Nf3 Nf6 12. O-O Re8 13. e5 dxe5 14. fxe5 Nxd5 15.
Qb3 Nxc3 16. bxc3 Qxd3 17. Ng5 c4 18. Qb6 Nd7 19. Qf2 Nxe5 20. Ba3 Bf5 21. Qb6
Ng4 22. Qxb7 Qe3+ 23. Kh1 Qxg5 24. h3 Ne3 25. Rf2 Qg3 26. Raa2 Be5 0-1

[Event "Kearsley Quads"]
[Site "Flint, Mich."]
[Date "1987.12.19"]
[Round "1"]
[White "Moody, David"]
[Black "Stefanski, Mark"]
[Result "1-0"]
[WhiteElo "1961"]
[BlackElo "1933"]
[PlyCount "43"]
[EventDate "1987.12.19"]

1. Nf3 Nf6 2. g3 g6 3. Bg2 Bg7 4. d3 d5 5. O-O O-O 6. Nbd2 c6 7. Re1 Qc7 8. e4
dxe4 9. dxe4 Rd8 10. Qe2 b6 11. Nc4 Ba6 12. e5 Nd5 13. e6 f6 14. Qe4 Bc8 15. a4
Na6 16. Nd4 Nc5 17. Qh4 Nb4 18. Nb5 Qb7 19. Ncd6 exd6 20. e7 Be6 21. exd8=Q+
Rxd8 22. Qxb4 1-0

[Event "Kearsley Quads"]
[Site "Flint, Mich."]
[Date "1987.12.19"]
[Round "3"]
[White "Moody, David"]
[Black "Groeller, William"]
[Result "1/2-1/2"]
[WhiteElo "1961"]
[BlackElo "2172"]
[PlyCount "70"]
[EventDate "1987.12.19"]

1. e4 e5 2. Nf3 Nc6 3. d4 exd4 4. Bc4 Nf6 5. O-O Nxe4 6. Re1 d5 7. Nc3 dxc3 8.
Bxd5 Be6 9. Rxe4 Be7 10. Bxc6+ bxc6 11. Qe2 O-O 12. Nd4 Bf6 13. bxc3 Bd5 14.
Ba3 Re8 15. Rxe8+ Qxe8 16. Bc5 Bxd4 17. Qxe8+ Rxe8 18. Bxd4 Re2 19. Bxa7 Bxa2
20. f3 Rxc2 21. Bd4 f6 22. Re1 Kf7 23. Re3 Bc4 24. Bc5 Re2 25. Rxe2 Bxe2 26.
Kf2 Ba6 27. Ke3 Ke6 28. Kd4 Kf5 29. Ke3 Ke5 30. Ba3 Kd5 31. Bc1 Bf1 32. Kf2 Bd3
33. Ke3 Kc4 34. Bd2 Bf1 35. Kf2 Bd3 1/2-1/2

[Event "Kearsley Quads"]
[Site "Flint, Mich."]
[Date "1987.12.19"]
[Round "2"]
[White "Mikus, James"]
[Black "Moody, David"]
[Result "1/2-1/2"]
[WhiteElo "1767"]
[BlackElo "1961"]
[PlyCount "35"]
[EventDate "1987.12.19"]

1. e4 e5 2. f4 exf4 3. Nf3 d5 4. exd5 Nf6 5. d4 Nxd5 6. Bc4 g5 7. c3 Bg7 8.
Qe2+ Be6 9. h4 h6 10. Bxd5 Qxd5 11. b3 g4 12. Ne5 Bxe5 13. Qxe5 Qxg2 14. Qxh8+
Kd7 15. Rf1 Qe4+ 16. Kd1 Qd3+ 17. Ke1 Qe4+ 18. Kd1 1/2-1/2